|
|
|
|
| LEADER |
00000cam a2200000 c 4500 |
| 001 |
272126365 |
| 003 |
DE-627 |
| 005 |
20260206193400.0 |
| 007 |
tu |
| 008 |
890703s1989 gw ||||| 00| ||ger c |
| 015 |
|
|
|a 89,N16,0132
|2 dnb
|
| 015 |
|
|
|a 89,A39,0366
|2 dnb
|
| 016 |
7 |
|
|a 890607540
|2 DE-101
|
| 020 |
|
|
|a 3428066278
|9 3-428-06627-8
|
| 035 |
|
|
|a (DE-627)272126365
|
| 035 |
|
|
|a (DE-603)010428453
|
| 035 |
|
|
|a (DE-576)018023754
|
| 035 |
|
|
|a (DE-599)GBV272126365
|
| 035 |
|
|
|a (OCoLC)230969207
|
| 035 |
|
|
|a (OCoLC)611686987
|
| 035 |
|
|
|a (DE-604)013412388
|
| 040 |
|
|
|a DE-627
|b ger
|c DE-627
|e rakwb
|
| 041 |
|
|
|a ger
|
| 044 |
|
|
|c XA-DE
|
| 084 |
|
|
|a 19
|2 sdnb
|
| 084 |
|
|
|a 19
|2 sdnb
|
| 084 |
|
|
|a PG 460
|2 rvk
|0 (DE-625)rvk/135953:
|
| 100 |
1 |
|
|a Frohn, Hansgeorg
|e VerfasserIn
|4 aut
|
| 245 |
1 |
0 |
|a Rechtliches Gehör und richterliche Entscheidung
|b Studie zur Verfassungsdimension des gerichtlichen Erkenntnisverfahrens; zugleich ein Beitrag zur verfassungsrechtlichen Problematik des Postulats effektiven Rechtsschutzes
|c von Hansgeorg Frohn (Professor für öffentliches Recht am Fachbereich Sozialversicherung der Fachhochschule des Bundes für Öffentliche Verwaltung)
|
| 264 |
|
1 |
|a Berlin
|b Duncker u. Humblot
|c 1989
|
| 300 |
|
|
|a 177 Seiten
|
| 336 |
|
|
|a Text
|b txt
|2 rdacontent
|
| 337 |
|
|
|a ohne Hilfsmittel zu benutzen
|b n
|2 rdamedia
|
| 338 |
|
|
|a Band
|b nc
|2 rdacarrier
|
| 490 |
1 |
|
|a Schriften zum Prozessrecht
|v 90
|
| 500 |
|
|
|a Literaturverz. S. 167 - 177
|
| 505 |
8 |
|
|a Literaturverz. S. 167 - 177
|
| 505 |
8 |
|
|a Literaturverz. S. 167 - 177
|
| 650 |
|
4 |
|a Verwaltungsgericht, Staatsrecht, Verbot, Strafverfahren, Effektivität, Erkenntnis, Struktur, Wahrheit
|
| 689 |
0 |
0 |
|d s
|0 (DE-588)4015288-1
|0 (DE-627)106337297
|0 (DE-576)208911103
|a Erkenntnisverfahren
|2 gnd
|
| 689 |
0 |
1 |
|d s
|0 (DE-588)4048835-4
|0 (DE-627)106189387
|0 (DE-576)209079444
|a Rechtsschutz
|2 gnd
|
| 689 |
0 |
2 |
|d s
|0 (DE-588)4062801-2
|0 (DE-627)106130129
|0 (DE-576)209146168
|a Verfassungsrecht
|2 gnd
|
| 689 |
0 |
|
|5 DE-101
|
| 830 |
|
0 |
|a Schriften zum Prozessrecht
|v 90
|9 90
|w (DE-627)130092606
|w (DE-576)015625567
|w (DE-600)500653-3
|x 0582-0219
|7 am
|
| 856 |
4 |
2 |
|u http://scans.hebis.de/HEBCGI/show.pl?01042845_toc.pdf
|m V:DE-603;B:DE-17
|q application/pdf
|3 Inhaltsverzeichnis
|7 1
|
| 889 |
|
|
|w (DE-576)492660379
|
| 889 |
|
|
|w (DE-627)02563206X
|
| 935 |
|
|
|i mdedup
|
| 935 |
|
|
|i Blocktest
|
| 935 |
|
|
|h HEB
|i 0501
|
| 935 |
|
|
|h HEB
|i 0503
|
| 936 |
r |
v |
|a PG 460
|b Allgemeines Verfahrensrecht, insbesondere auch innerstaatliche Prozessrechtsvergleichung verschiedener Gerichtsbarkeiten
|k Rechtswissenschaft
|k Rechtspflege, Gerichtsverfassung, Zivilverfahrensrecht und Nebengebiete
|k Zivilprozess, Zivilprozessrecht, Zivilprozessordnung, Schiedsgerichtsbarkeit
|k Einzeldarstellungen
|k Allgemeines Verfahrensrecht, insbesondere auch innerstaatliche Prozessrechtsvergleichung verschiedener Gerichtsbarkeiten
|0 (DE-627)1271159104
|0 (DE-625)rvk/135953:
|0 (DE-576)201159104
|
| 936 |
s |
n |
|a p100
|2 mzub
|
| 951 |
|
|
|a BO
|
| ELC |
|
|
|b 1
|
| LOK |
|
|
|0 000 xxxxxcx a22 zn 4500
|
| LOK |
|
|
|0 001 3323381815
|
| LOK |
|
|
|0 003 DE-627
|
| LOK |
|
|
|0 004 272126365
|
| LOK |
|
|
|0 005 20140507111616
|
| LOK |
|
|
|0 008 140507||||||||||||||||ger|||||||
|
| LOK |
|
|
|0 040
|a DE-21-110
|c DE-627
|d DE-21-110
|
| LOK |
|
|
|0 689
|a s
|a Rechtliches Gehör
|
| LOK |
|
|
|0 852
|z Kein Bestand am IfK; Nachweis für KrimDok
|
| LOK |
|
|
|0 852
|a DE-21-110
|
| LOK |
|
|
|0 852 1
|m v
|9 00
|
| LOK |
|
|
|0 935
|a k110
|
| LOK |
|
|
|0 938
|k v
|
| LOK |
|
|
|0 939
|a 07-05-14
|b l01
|
| ORI |
|
|
|a SA-MARC-krimdoka001.raw
|